Membina jati diri (Buku besar) : Sesuai untuk kelas transisi, pendidikan khas, program (KIA2M) dan pra sekolah

Bibliographic Details
Main Author: Wan Zaharah Megat Hashim
Other Authors: Saloma Mat Lajis
Format: Book
Published: Kuala Lumpur : Yahoo Enterprise , 2009
Series:Puisi kanak-kanak

MARC

LEADER 00000cam a2200000 7i4500
001 0000064060
005 20160623.0
008 160621
020 |a 9789833967063 
020 |a 9789833967124 (set) 
090 0 0 |a NS   |b MAL 
100 1 |a Wan Zaharah Megat Hashim 
245 1 0 |a Membina jati diri (Buku besar) :   |b Sesuai untuk kelas transisi, pendidikan khas, program (KIA2M) dan pra sekolah   |c Wan Zaharah Megat Hashim dan Saloma Mat Lajis 
260 |a Kuala Lumpur :   |b Yahoo Enterprise ,   |c 2009 
300 |a 16 pg :   |b Col., Ill ;   |c 43cm. 
490 1 |a Puisi kanak-kanak 
500 |a Children ages 7-9 years old (orange) 
700 0 |a Saloma Mat Lajis 
999 |a 0001165765   |b Book   |c Children Collection   |e Cawangan Bukit Gambir 
999 |a 0001165766   |b Book   |c Children Collection   |e Cawangan Bandar Tenggara 
999 |a 0001165768   |b Book   |c Children Collection   |e Cawangan Taman Universiti 
999 |a 0001165771   |b Book   |c Children Collection   |e Cawangan Bandar Penawar 
999 |a 0001165772   |b Book   |c Children Collection   |e Cawangan Tangkak 
999 |a 0001165773   |b Book   |c Children Collection   |e Cawangan Segamat 
999 |a 0001165777   |b Book   |c Children Collection   |e Cawangan Tmn. Ungku Tun Aminah 
999 |a 0001165778   |b Book   |c Children Collection   |e Cawangan Taman Sri Lambak